15. zasedání Ústředního výboru Komunistické strany Československa ve dnech 11. a 12. října 1989 o činnosti Komunistickej strany Československa po 14. zasedání ústředního výboru KSČ a jejích úkolech před XVIII. sjezdem KSČ : politika Komunistickej strany Československa v tvorbě a ochraně životního prostředí

Bibliographic Details
Format: Book
Language:Czech
PhysicalDescription:59 s. 21 cm
Published: Praha Svoboda 1989
ISBN:802050155X
Edition:1. vyd.
Subjects:

MARC

LEADER 00000cam a2200000 a 4500
001 vtls001334298
003 SK-MaSNL
005 20260311142802.0
008 240226s1989 xr 000 0 cze
015 |a SNBA1989 
020 |a 802050155X  |q (viaz.) 
035 |a SNK000287243 
035 |a urn:nbn:sk:snk-amkudv 
035 |a urn:nbn:sk:snk-am004psv 
035 |a 7268511F-55E1-43EE-8FAA-FF531B49DCB3 
040 |a SNK  |b slo  |c SNK  |e AACR2 
041 0 |a cze 
044 |a xr  |c CZ 
080 |a 329.15(437)(061.3)"1989"  |2 1981 
080 |a 061.3 KSČ (ÚV)"1989"  |2 1981 
245 1 0 |a 15. zasedání Ústředního výboru Komunistické strany Československa ve dnech 11. a 12. října 1989  |b o činnosti Komunistickej strany Československa po 14. zasedání ústředního výboru KSČ a jejích úkolech před XVIII. sjezdem KSČ : politika Komunistickej strany Československa v tvorbě a ochraně životního prostředí 
246 3 |a Patnácté zasedání Ústředního výboru Komunistické strany Československa ve dnech 11. a 12. října 1989 
250 |a 1. vyd. 
260 |a Praha  |b Svoboda  |c 1989 
300 |a 59 s.  |c 21 cm 
610 0 7 |a Komunistická strana Československa.  |b Ústredný výbor  |2 SNKKA  |9 179975 
650 0 7 |a materiály  |2 SNKPH  |9 1041 
651 7 |a Československo  |2 SNKPH  |9 21376 
655 7 |a prejavy  |2 SNKPH  |9 70401 
919 |a 80-205-0155-X 
958 |a RK 
958 |a TL 
958 |a OND 
999 |c 1036628  |d 1038558 
952 |a SNK  |b SNK  |y PREZ  |7 0  |p 17A0997935  |o snkSC 76165   |0 0  |1 0  |4 0  |d 2012-08-10  |l 0  |r 2026-02-24 14:11:42  |w 2026-02-24 
952 |t P60, <03>, [BOOK], {603}  |a SNK  |b SNK  |y PREZ  |7 0  |o snkSC 76165  |i snkKIP 357/90  |0 0  |1 0  |4 0  |d 1998-06-15  |l 0  |r 2005-01-02 00:00:00  |w 2026-02-24 
952 |t P60, <04>, [BOOK], {604}  |a SNK  |b SNK  |y VYP  |7 0  |p 17A1162487  |o snkSC 76165 D1  |i snkKIP 358/90  |0 0  |1 0  |4 0  |d 1998-06-15  |f 1  |l 0  |r 2005-01-02 00:00:00  |w 2026-02-24